Issuance of emergency passports and visaing of passports.

Bibliographic Details
Corporate Author: United States. Department of State
Format: Government Document eBook
Language:English
Published: Washington : [publisher not identified], 1914.
Series:State Dept. Gen. Instruction Consular Circ. No. 373
Subjects:
Online Access:Connect to the full text of this electronic document

MARC

Tag First Indicator Second Indicator Subfields
LEADER 00000cam a22000001a 4500
001 in00003759321
005 20190409170801.0
006 m o d f
007 cr bn mmmapmmp
008 040322s1914 dcu o f000 0 eng d
035 |a ebd1910705573 
040 |a UMI  |c UMI  |d UtOrBLW 
086 0 |a S 1.4/2:373 
099 |a S1.4-2.373 
245 0 0 |a Issuance of emergency passports and visaing of passports. 
264 1 |a Washington :  |b [publisher not identified],  |c 1914. 
300 |a 1 online resource (2 pages) 
336 |a text  |b txt  |2 rdacontent 
337 |a computer  |b c  |2 rdamedia 
338 |a online resource  |b cr  |2 rdacarrier 
490 0 |a State Dept. Gen. Instruction Consular Circ. No. 373 
500 |a [on consular procedures and fees, with text of related Executive order]. 
500 |a Record is based on bibliographic data in ProQuest U.S. Executive Branch Documents, 1910-1932. Reuse except for individual research requires license from ProQuest, LLC. 
533 |a Electronic reproduction.  |b [Bethesda, Md.] :  |c ProQuest,  |d 2012.  |e digital, PDF file.  |n ProQuest U.S. Executive Branch Documents, 1910-1932.  |n Mode of access: World Wide Web via ProQuest website. 
538 |a System requirements: PDF reader software. 
500 |a Electronic resource. 
650 0 |a Consular fees.  |0 http://id.loc.gov/authorities/subjects/sh85047673 
650 0 |a Executive orders.  |0 http://id.loc.gov/authorities/subjects/sh85046285 
650 0 |a Passports.  |0 http://id.loc.gov/authorities/subjects/sh85098541 
655 7 |a Electronic books.  |2 local 
710 1 |a United States.  |b Department of State.  |0 http://id.loc.gov/authorities/names/n80126198 
776 1 8 |i Microfiche version:  |t Issuance of emergency passports and visaing of passports  |o CIS US Exec MF S1.4-2.373  |w (ProQuest)cis19173610 
856 4 0 |u http://proxy.library.tamu.edu/login?url=http://congressional.proquest.com/congressional/docview/t66.d71.s1.4-2.373  |z Connect to the full text of this electronic document  |t 0 
999 f f |s b0244c5f-1c7f-396f-9ac3-c4bf987872c1  |i 39376d04-efa1-3704-a152-2a29d011e3b0  |t 0 
952 f f |a Texas A&M University  |b College Station  |c Electronic Resources  |d Available Online  |t 0  |h No information provided 
998 f f |t 0  |l Available Online